000 00265nam a22001097a 4500
008 240530b |||||||| |||| 00| 0 eng d
100 _aKeshav, Kamlesh
_914906
245 _aTulsi Ramayan
260 _aNew york:
_bMcGrew hill;
_c1969.
300 _a263p.
942 _cBK
999 _c39300
_d39300